Estadísticas para Campeones de la Copa de Campeones de Copa de la UEFA

Haz click aquí para intentar la prueba.

Estadísticas generales

  • Esta prueba ha sido intentada 32 veces
  • La puntuación promedio es 18 de 39

Estadísticas de respuestas

TemporadaCampeón% Correcto
1978-79F. C. Barcelona
96%
1996-97F. C. Barcelona
96%
1988-89F. C. Barcelona
96%
1981-82F. C. Barcelona
96%
1966-67F. C. Bayern
88%
1967-68Milan A. C.
88%
1983-84Juventus F. C.
75%
1997-98Chelsea F. C.
71%
1970-71Chelsea F. C.
71%
1990-91Manchester United F. C.
71%
1993-94Arsenal F. C.
67%
1961-62Atlético de Madrid
67%
1972-73Milan A. C.
67%
1979-80Valencia C. F.
67%
1998-99S. S. Lazio
58%
1965-66B. V. Borussia
54%
1976-77Hamburger S. V.
54%
1995-96París Saint-Germain F. C.
50%
1994-95Real Zaragoza
50%
1986-87A. F. C. Ajax
42%
1962-63Tottenham Hotspur F. C.
42%
1960-61A. C. Fiorentina
38%
1969-70Manchester City F. C.
38%
1971-72Rangers F. C.
33%
1984-85Everton F. C.
29%
1992-93Parma F. C.
29%
1963-64S. C. Portugal
21%
1991-92S. V. Werder Bremen
21%
1975-76R. S. C. Anderlecht
17%
1977-78R. S. C. Anderlecht
17%
1989-90U. C. Sampdoria
17%
1964-65West Ham United F. C.
17%
1982-83Aberdeen F. C.
13%
1985-86F. K. Dynamo Kyiv
13%
1974-75F. K. Dynamo Kyiv
13%
1973-74F. C. Magdeburg
8%
1980-81S. K. Dinamo Tbilisi
8%
1987-88K. V. Mechelen
4%
1968-69Š. K. Slovan Bratislava
4%

Distribución de puntuación

Porcentaje por número respondido

Porcentaje de gente con cada puntuación

Historial de tus puntuaciones

No has intentado esta prueba.